| 000 | 00611nam a22001937a 4500 | ||
|---|---|---|---|
| 003 | 0 | ||
| 005 | 20241015143817.0 | ||
| 008 | 241015b xxu||||| |||| 00| 0 eng d | ||
| 020 | _a9781260598230 | ||
| 050 |
_aHF 5415.13 _b.M37 2023 |
||
| 100 |
_aMarshall, Greg W., _eauthor. |
||
| 245 |
_aMarketing management / _cGreg W. Marshall, Mark W. Johnston. |
||
| 250 | _a4th ed. | ||
| 260 |
_aNew York, NY : _bMcGraw Hill LLC, _c2023. |
||
| 300 |
_axxiv, various pagination : _bcol. ill. ; _c28 cm. |
||
| 504 | _aIncludes bibliographical references and index. | ||
| 650 |
_aMarketing _vManagement. |
||
| 942 |
_2lcc _cBK |
||
| 999 |
_c366556 _d366556 |
||